तहान (Record no. 457752)

MARC details
000 -LEADER
fixed length control field 00406nam a2200145Ia 4500
008 - FIXED-LENGTH DATA ELEMENTS--GENERAL INFORMATION
fixed length control field 100204s9999 xx 000 0 und d
082 ## - DEWEY DECIMAL CLASSIFICATION NUMBER
Item number 13320
100 ## - MAIN ENTRY--PERSONAL NAME
Personal name पठाण इतबारखां
245 ## - TITLE STATEMENT
Title तहान
260 ## - PUBLICATION, DISTRIBUTION, ETC. (IMPRINT)
Name of publisher, distributor, etc "चेतश्री प्रकाशन , अमळनेर"
Date of publication, distribution, etc 1990
300 ## - PHYSICAL DESCRIPTION
Extent 51
630 ## - SUBJECT ADDED ENTRY--UNIFORM TITLE
Uniform title तहान
730 ## - ADDED ENTRY--UNIFORM TITLE
Uniform title तहान
942 ## - ADDED ENTRY ELEMENTS (KOHA)
Koha item type Book
Holdings
Withdrawn status Lost status Damaged status Not for loan Home library Current library Date acquired Cost, normal purchase price Total Checkouts Full call number Barcode Date last seen Cost, replacement price Price effective from Koha item type
        N. C. Kelkar Sarvajanik Library, Mulund N. C. Kelkar Sarvajanik Library, Mulund 02/04/2010 25.00   13320 NCKMULUND-13320 02/04/2010 25.00 02/04/2010 Book